000 00631ata a2200229 4500
005 20160830114825.0
008 150514b xxu||||| |||| 00| 0 spa d
041 _aspa
082 _a658.1 C886f
100 _aCrainer, Stuart
_916248
100 _aDearlove, Des
_916249
245 _aFuego: para encender la mecha de una nueva organización empresarial
260 _aEspaña
_bPrentice-Hall
_c2002
300 _a321 páginas
650 _aORGANIZACIÓN
_9805
650 _aDOWNSIZING
_916250
650 _aVALORES
_932
650 _aMETAS
_95978
650 _aMISIÓN
_95616
650 _aTRABAJO EN EQUIPO
_9731
942 _cBK
999 _c5517
_d5517